000 00929nam a22002297a 4500
005 20240530110944.0
008 200912s2020 ua a f b 000 0dara d
017 _a2020/10494
_bمصر. دار الكتب
020 _a9789778125160
040 _aEG-CaGPL
_cEG-CaGPL
082 0 4 _221
_a370.7\
_bم م
100 0 _aمنى كمال سليمان
245 1 0 _aمعاودة التفكير فى التربية المقارنة /
_cتحرير واعداد منى كمال سليمان ؛ تقديم نادية جمال الدين
250 _aط.1
260 _aالقاهرة :
_bالمكتب العربى للمعارف،
_c2020
300 _a346 ص. ؛
_c24 سم.
504 _aيشتمل على ارجاعات ببليوجرافية
650 0 7 _aالتربية المقارنة
_2qrmak
700 0 _aنادية جمال الدين
_eمقدم
942 _2ddc
_cBK
999 _c66869
_d66869